000 00671nam a2200217Ia 4500
003 GCL
008 140319s9999 xx 000 0 ara d
040 _aGCL /
_cGCL
082 0 4 _a811.009
_bع ف
100 1 _aعبدالقادر القط
245 1 0 _aفى الشعر الاسلامى والاموى /
_cعبدالقادر القط
260 _a[S.N] :
_bدار النهضة العربية ،
_c1987
300 _a451 ص
490 _a
650 0 4 _aالادب العربى
650 0 4 _aالنقد
650 0 4 _aتاريخ ونقد
650 0 4 _aعبدالقادر القط
650 0 4 _aالشعر العربى - العصر الاموى
942 _2ddc
_cBK
999 _c37198
_d37198